000 00996nam a2200289 i 4500
001 000021702
003 DO-SdBNP
005 20251202080942.0
007 ta
008 100908s1979 dr a r 000 0 spa d
040 _aDO-SdBNP
_bspa
_cBNPHU
_erda
041 _aspa
082 _a352.48
_bR426m, 1980
_222
110 1 _aRepública Dominicana.
_bSecretariado Técnico de la Presidencia.
_bOficina Nacional de Presupuesto
_932266
245 1 0 _aManual de clasificaciones presupuestarias 1980.
250 _aQuinta edición
264 _aSanto Domingo :
_bDepartamento de Estudios Presupuestarios,
_c1979.
300 _a168 páginas ;
_c22 cm.
336 _ardacontent
_btexto
_2txt
337 _ardamedia
_bsin mediación
_2n
338 _ardacarrier
_bvolumen
_2nc
590 _aInventariado, 2018/BT
650 4 _aPresupuesto
_zRepública Dominicana
_97940
650 4 _aHacienda pública
_zRepública Dominicana
_96562
910 _aValidado. Control de calidad. MMOLINA
942 _2ddc
_cLBS1
999 _c21201
_d21201